Armenia - Sudden Death - Statistics

General Stats
  • This quiz has been taken 261 times
  • The average score is 6 of 10
Answers on the Grid
Answers color-coded by a green-red scale on the quiz's grid according to % correct below.
Armenian language has 39 letters
Been at war with Azerbaijan for decades
Borders Iran
Borders Russia
Capital is older then Rome
Capital is Yerevan
Chess is taught in all schools
Close allies with Turkey
First officially Christian country
Formerly part of Roman Empire
Has experienced a genocide
Has Mount Ararat in its borders
Has never won an Olympic medal
Has same flag as Colombia
Known for its apricots
Last country to leave USSR
Located in Ural Mountains
Location of world's oldest cathedral
Majority Russian ethnicity
Wine was invented here
 
Answer Stats
Answer % Correct
Borders Iran
84%
Capital is Yerevan
82%
Been at war with Azerbaijan for decades
79%
First officially Christian country
69%
Armenian language has 39 letters
64%
Has experienced a genocide
64%
Chess is taught in all schools
62%
Capital is older then Rome
56%
Known for its apricots
36%
Formerly part of Roman Empire
34%
No matching quizzes found
Score Distribution
Percent of People with Each Score
Percentile by Number Answered
Your Score History
You have not taken this quiz